Online Catalogue and eLibrary

17-18 siyawashi sinhala sahithyaya (Record no. 4831)

MARC details
000 -LEADER
fixed length control field 00416nam a2200157Ia 4500
005 - DATE AND TIME OF LATEST TRANSACTION
control field 20250627025318.0
008 - FIXED-LENGTH DATA ELEMENTS--GENERAL INFORMATION
fixed length control field 240331s9999 xx 000 0 und d
020 ## - INTERNATIONAL STANDARD BOOK NUMBER
ISBN 9552001889
082 ## - DDC Classification
Item Number - Author Mark MIR
Class No. 891
100 ## - MAIN ENTRY--PERSONAL NAME
Personal name Mirendo,A.M
245 #0 - TITLE STATEMENT
Title 17-18 siyawashi sinhala sahithyaya
260 ## - PUBLICATION, DISTRIBUTION, ETC.
Place of publication, distribution, etc. Colombo
Name of publisher, distributor, etc. S. Godage & Brothers
Date of publication, distribution, etc. 1988
300 ## - PHYSICAL DESCRIPTION
Extent (e.g. Volumes, Pages etc.) 206 p .,
500 ## - GENERAL NOTE
General note Sinhala Literature of the 20th century
942 ## - Koha item type (Biblio)
Koha item type Books in Stacks (Lending)
Holdings
Lost status Damaged status Collection code Home library Current library Shelving location Date acquired Full call number Accession Number Item type
    Lending WERC Library WERC Library Social Science Cupboard 03/31/2024 891.48 MIR 1077 Books in Stacks (Lending)

© WERC Library